000 00550nam a22001817a 4500
003 KOHA_MİRAKIL
005 20251128154732.0
008 251128b tu ||||| |||| 00| 0 tur d
020 _a9786052378884
040 _aTR-AnABB
_btur
_cTR-AnABB
041 _atur
082 _a342.561020269
245 1 0 _aAnayasa mahkemesinin kuruluşunun 60. yılının anısına 60 yıl 60 makale /
260 _aAnkara :
_bAnayasa Mahkemesi Yayınları,
_c2022
300 _a1466 sayfa ;
_c21 cm
650 0 4 _aAnayasa Mahkemesi kararları
942 _2ddc
_cBK
999 _c9671
_d9671
900 _bGizem YORULMAZ